Risings on the north-West frontier / (Record no. 511069)

MARC details
000 -LEADER
fixed length control field 00929nam a2200289 a 4500
001 - CONTROL NUMBER
control field vtls001204993
003 - CONTROL NUMBER IDENTIFIER
control field NLI
005 - DATE AND TIME OF LATEST TRANSACTION
control field 20210603164543.0
008 - FIXED-LENGTH DATA ELEMENTS--GENERAL INFORMATION
fixed length control field 120328m18731898ii f001 0 eng d
039 #9 - LEVEL OF BIBLIOGRAPHIC CONTROL AND CODING DETAIL [OBSOLETE]
-- 201203281916
-- VLOAD
040 ## - CATALOGING SOURCE
Original cataloging agency NLI
Language of cataloging eng
Transcribing agency Entertech IMP - 2012
Description conventions AACR2
041 0# - LANGUAGE CODE
Language code of text/sound track or separate title eng
044 ## - COUNTRY OF PUBLISHING/PRODUCING ENTITY CODE
MARC country code ii
084 ## - OTHER CLASSIFICATION NUMBER
Classification number 166.B.45
245 00 - TITLE STATEMENT
Title Risings on the north-West frontier /
Statement of responsibility, etc. published by Pioneer press
260 ## - PUBLICATION, DISTRIBUTION, ETC.
Place of publication, distribution, etc. Allahabad:
Name of publisher, distributor, etc. Pioneer Press ,
Date of publication, distribution, etc. 1873-1898
300 ## - PHYSICAL DESCRIPTION
Extent iii, 248 p. ;
Dimensions 23 cm.
710 2# - ADDED ENTRY--CORPORATE NAME
Corporate name or jurisdiction name as entry element Pioneer Press
Relationship pbl
9 (RLIN) 623720
887 ## - NON-MARC INFORMATION FIELD
Content of non-MARC field
901 ## - LOCAL DATA ELEMENT A, LDA (RLIN)
a IMP113000 :
b 27.12.2010
901 ## - LOCAL DATA ELEMENT A, LDA (RLIN)
a IMP113000 :
b 27.12.2010
9 c.2
902 ## - LOCAL DATA ELEMENT B, LDB (RLIN)
a 166.B.45
942 ## - ADDED ENTRY ELEMENTS (KOHA)
Source of classification or shelving scheme Dewey Decimal Classification
Koha item type Books
949 ## - LOCAL PROCESSING INFORMATION (OCLC)
-- VIRTUAITEM
-- 10000
-- 100
6 IMP000113000ENG
949 ## - LOCAL PROCESSING INFORMATION (OCLC)
-- VIRTUAITEM
-- 10000
-- 100
6 IMP000113001ENG
Holdings
Withdrawn status Lost status Damaged status Not for loan Home library Current library Date acquired Total Checkouts Full call number Barcode Date last seen Price effective from Koha item type
        National Library of India National Library of India     166.B.45 IMP000113000ENG 03/06/2021 03/06/2021 Books
        National Library of India National Library of India     166.B.45 IMP000113001ENG 03/06/2021 03/06/2021 Books
                                                                           
web counter

Copyright ©2020 The National Library of India, Govt. of India ↔ Hosted by NVLI, MOC ↔ Technology and Design by National Library of India, Ministry of Culture, Govt. of India